| 000 | 00403 a2200097 4500 | ||
|---|---|---|---|
| 082 | _a363.12 STA | ||
| 100 | _aStanley, Laura Michelle | ||
| 245 |
_aHaptic and Auditory Interfaces as A Collision Avoidance Technique During Roadway Departures and Driver Perception of these Modalities / _cLaura Michelle Stanley |
||
| 260 |
_aUSA : _bFederal Highway Administration, _c2006 |
||
| 300 |
_aviii, 226p. : _bill. ; _c30 cm |
||
| 650 | _aRoad Safety | ||
| 999 |
_c2164 _d2164 |
||